书目信息 |
| 题名: |
非线性回归分析及其应用
|
|
| 作者: | 瓦茨, , 贝茨, 著 ;韦博成 , 万方焕 , 朱宏图 译 | |
| 分册: | ||
| 出版信息: | 北京 中国统计出版社 1997.11 |
|
| 页数: | 409页 | |
| 开本: | 21cm | |
| 丛书名: | 现代外国统计学优秀著作译丛 | |
| 单 册: | ||
| 中图分类: | O212.1 | |
| 科图分类: | ||
| 主题词: | 非线性回归--fei xian xing hui gui--回归分析 | |
| 电子资源: | ||
| ISBN: | 7-5037-2294-0 | |
| 000 | 01663nam 2200349 450 | |
| 001 | 012006567662 | |
| 005 | 20060925095138.25 | |
| 010 | @a7-5037-2294-0@dCNY29.40 | |
| 100 | @a20060705d1997 km y0chiy0120 ea | |
| 101 | 1 | @achi@ceng |
| 102 | @aCN@b110000 | |
| 105 | @aa a 001yy | |
| 200 | 1 | @a非线性回归分析及其应用@Afei xian xing hui gui fen xi ji qi ying yong@f(美) Douglas M. Bates, (加拿大) Donald G. Watts著@F(mei)Douglas M.Bates,(jia na da)Donald G.Watts zhu@g韦博成, 万方焕, 朱宏图译@Gwei bo cheng,wan fang huan,zhu hong tu yi |
| 210 | @a北京@c中国统计出版社@d1997.11 | |
| 215 | @a409页@c图@d21cm | |
| 225 | 2 | @a现代外国统计学优秀著作译丛@Axian dai wai guo tong ji xue you xiu zhu zuo yi cong |
| 306 | @a本书中文版翻译、出版专有版权归国家统计局统计教育中心和中国统计出版社。 | |
| 312 | @a并列题名取自版权页。 | |
| 314 | @a责任者Bates规范汉译姓 : 贝茨 ; 责任者Watts规范汉译姓:瓦茨。 | |
| 320 | @a有书目和索引。 | |
| 330 | @a本书主要内容包括:线性回归的回顾,非线性回归即矢代估计量与线性近似,实际问题的研究,多元响应模型的参数估计,由微分方程组定义的模型,非线性推断域的图示法,非线性强度的曲率度量及附录示例中的数据集,QR分解,算法代码等。 | |
| 410 | 0 | @12001 @a现代外国统计学优秀著作译丛 |
| 510 | 1 | @aNonlinear regression analysis and its applications@zeng |
| 606 | 0 | @a非线性回归@Afei xian xing hui gui@x回归分析 |
| 690 | @aO212.1@v4 | |
| 701 | 1 | @a瓦茨,@Awa ci,@bD. G.@g(Watts, Donald G.)@4著 |
| 701 | 1 | @a贝茨,@Abei ci,@bD. M.@g(Bates, douglas M.)@4著 |
| 702 | 0 | @a韦博成@Awei bo cheng@4译 |
| 702 | 0 | @a万方焕@Awan fang huan@4译 |
| 702 | 0 | @a朱宏图@Azhu hong tu@4译 |
| 801 | 0 | @aCN@c20060925 |
| 905 | @a10447@dO212.1@eB677 | |
| 非线性回归分析及其应用/(美) Douglas M. Bates, (加拿大) Donald G. Watts著/韦博成, 万方焕, 朱宏图译.-北京:中国统计出版社,1997.11 |
| 409页:图;21cm.-(现代外国统计学优秀著作译丛) |
| ISBN 7-5037-2294-0:CNY29.40 |
| 本书主要内容包括:线性回归的回顾,非线性回归即矢代估计量与线性近似,实际问题的研究,多元响应模型的参数估计,由微分方程组定义的模型,非线性推断域的图示法,非线性强度的曲率度量及附录示例中的数据集,QR分解,算法代码等。 |
| ● |
| 相关链接 |
|
|
|
正题名:非线性回归分析及其应用
索取号:O212.1/B677
 
预约/预借
| 序号 | 登录号 | 条形码 | 馆藏地/架位号 | 状态 | 备注 |
| 1 | 594283 | 205942836 | 自科库401/401自科库 77排1列5层/ [索取号:O212.1/B677] | 在馆 | |
| 2 | 594284 | 205942845 | 数理学院资料室/ [索取号:O212.1/B677] | 在馆 | |
| 3 | 594285 | 205942854 | 数理学院资料室/ [索取号:O212.1/B677] | 在馆 |